| 000 | 00700nam a2200217 i 4500 | ||
|---|---|---|---|
| 001 | 16412 | ||
| 003 | ES-MaACL | ||
| 005 | 20251206063027.0 | ||
| 007 | t| | ||
| 008 | 000915s1972 sp ||||1| spa d | ||
| 080 | _a964.9 | ||
| 100 | 0 |
_aLópez Herrera, Salvador _973696 |
|
| 245 | 1 | 4 |
_aLas islas Canarias a través de la historia / _cSalvador López Herrera ; prólogo de Manuel Ballesteros Gaibrois. |
| 250 | _a3ª ed. | ||
| 260 |
_aMadrid : _bEl autor, _c1972. |
||
| 300 |
_aXX, 201 p., XLIV lám., 1 h. map. pleg ; _c22 cm. |
||
| 650 | 4 |
_a _9241630 |
|
| 700 | 1 |
_aBallesteros Gaibrois, Manuel, _d1911-2002 _925056 |
|
| 852 |
_aES-MaACL _jG-2136 _bR.114902 |
||
| 999 |
_c16412 _d16412 |
||